Introduction to Geo-politic (Record no. 3245)

MARC details
000 -LEADER
fixed length control field 00324nam a22001337a 4500
008 - FIXED-LENGTH DATA ELEMENTS--GENERAL INFORMATION
fixed length control field 250429b |||||||| |||| 00| 0 eng d
020 ## - INTERNATIONAL STANDARD BOOK NUMBER
ISBN 10:041534948
100 ## - MAIN ENTRY--AUTHOR
Author Flint Colin
245 ## - TITLE STATEMENT
Title Introduction to Geo-politic
260 ## - PUBLICATION, DISTRIBUTION, ETC. (IMPRINT)
Place of publication USA and Canada
Name of publisher Routledge
Date of publication 2006
300 ## - COLLATION
Pagination 237p.
942 ## - ADDED ENTRY ELEMENTS (KOHA)
Item type Books
050 ## - LIBRARY OF CONGRESS CALL NUMBER
Classification number JL 19
Item number .F55
Holdings
Source of classification or shelving scheme Not for loan Permanent location Current location Date acquired Accession No. Full call number Barcode. Koha item type
Library of Congress Classification   Samuel Ogbemudia Main Library, University of Abuja Samuel Ogbemudia Main Library, University of Abuja 04/29/2025 2011/40667 JL 19.F55 2025-1698 Books